000 00399aga a2200145 4500
005 20170214165703.0
008 170214b xxu||||| |||| 00| 0 spa d
040 _aCO-BoIAVH
_cCO-BoIAVH
041 _aspa
090 _aAV
_b00268
245 1 0 _aColombia avanza tierra
_svinos, jardín botánico, orquídeas, panelas
260 _aBogotá
_bGrupo Planeta
_c.
300 _a45 min
_bVHS
942 _cVHS
_2z
999 _c16654
_d16654